Zárobková činnosť nezamestnaných

Uchádzač o zamestnanie môže vykonávať zárobkovú činnosť aj v čase, kedy je v evidencii uchádzačov o zamestnanie príslušného úradu práce. Podmienky vykonávania zárobkovej činnosti podľa zákona o službách zamestnanosti.

Gespeichert in:
Bibliographische Detailangaben
1. Verfasser: Matlovičová, Iveta
Format: Buchkapitel
Sprache:Slowakisch
Schlagworte:
Tags: Tag hinzufügen
Keine Tags, Fügen Sie das erste Tag hinzu!

MARC

LEADER 00000naa a2200000 4500
001 0280862
005 20240417075150.1
041 0 |a slo 
044 |a SK 
245 1 0 |a Zárobková činnosť nezamestnaných  |c Iveta Matlovičová 
520 |a Uchádzač o zamestnanie môže vykonávať zárobkovú činnosť aj v čase, kedy je v evidencii uchádzačov o zamestnanie príslušného úradu práce. Podmienky vykonávania zárobkovej činnosti podľa zákona o službách zamestnanosti. 
610 2 0 |a zamestnanie 
610 2 0 |a zárobky 
610 2 0 |a právo pracovné 
610 2 0 |a nezamestnaní 
610 2 0 |a úrady práce 
610 2 0 |a legislatíva 
100 1 |a Matlovičová, Iveta